Normal view
MARC view
Entry Topical Term
001 - CONTROL NUMBER
- control field: 44309
003 - CONTROL NUMBER IDENTIFIER
- control field: ARRUPE
005 - DATE AND TIME OF LATEST TRANSACTION
- control field: 20190131105110.0
008 - FIXED-LENGTH DATA ELEMENTS
- fixed length control field: 190131|| aca||aabn | a|a d
040 ## - CATALOGING SOURCE
- Original cataloging agency: ARRUPE
- Transcribing agency: ARRUPE
150 ## - HEADING--TOPICAL TERM
- Topical term or geographic name as entry element:
- Topical term following geographic name as entry element: Terracing
- Geographic subdivision: Zimbabwe
- Geographic subdivision: Inyanga region
670 ## - SOURCE DATA FOUND
- Source citation: Work cat.: (ARRUPE)62629: Soper, Robert C. 44308, The terrace builders of Nyanga